Statistiques concernant Les équipes de galactik football

Cliquez ici pour prendre le quiz!

Statistiques générales

  • Ce quiz a été pris 271 fois
    (262 depuis la dernière actualisation)
  • Le résultat moyen est 6 sur 11

Statistiques - réponses

IndiceRéponse% Correct
s1-2-3Snow kids
95%
s1-2-3Shadows
88%
s1-2-3Pirates
63%
s1-2-3Cyclopes
56%
s1-2-3Wambas
56%
s1-2-3Lightnings
55%
s2-3Xénons
51%
s3Paradisia
37%
s1-2-3Tigres rouges
31%
s1-2-3Rykers
30%
s3Electra
26%

Distribution des résultats

Percentile par nombre de réponses

% des personnes avec chaque résultat

Votre développement - résultats

Vous n’avez pas pris ce quiz depuis la dernière actualisation